000 01323nam a2200337 i 4500
001 196436
003 ES-MaACL
005 20250813014540.0
007 ta
008 2409 q1910 fr 001 0 fre c
035 _aRebiun00615976
040 _aSpMaUCFL
_bspa
_cES-MaACL
_dES-MaACL
080 _a821.133.1Diderot, Denis1.07
100 1 _aDiderot, Denis,
_d1713-1784
_eaut
_944511
245 1 0 _aPhilosophie, romans et contes, théâtre, critique d'art, les salons, correspondance /
_cDenis Diderot ; biographie, bibliographie et notes par Charles Simond
260 _aParis :
_bLouis Michaud,
_c[1910]
300 _aXIII, 142 páginas ;
_c18 cm
336 _2rdacontent
_atexto
337 _2rdamedia
_asin mediación
338 _2rdacarrier
_avolumen
490 1 _aLes prosateurs illustres français et étrangers ;
_v6
600 1 4 _aDiderot, Denis,
_d1713-1784
_944511
700 1 _9106558
_aSimonds, Charles
_epbl
830 _aLes prosateurs illustres français et étrangers
_9239120
852 _aES-MaACL
_cDEPO1
_hDonación: José Manuel Duarte Cendán
_9204135
_jA-15364
903 _9238529
_aDuarte Cendán, José Manuel
_q1
_ednr
942 _n0
_cMONOGRAFIA
999 _c196436
_d196436